Charakterizacionnyje zadači, svjazannyje s pokazatel'nym raspredelenijem

Gespeichert in:
Bibliographische Detailangaben
1. Verfasser: Azlarov, Tursun Abdurachimovič
Weitere Verfasser: Volodin, Nikolaj Anatol'jevič
Format: Buch
Sprache:Russisch
Veröffentlicht: Taškent Fan 1982
Tags: Tag hinzufügen
Keine Tags, Fügen Sie das erste Tag hinzu!

MARC

LEADER 00000nam a2200000 4500
001 c115772
005 20041019155202.4
041 0 |a rus 
044 |a UZ 
245 1 0 |a Charakterizacionnyje zadači, svjazannyje s pokazatel'nym raspredelenijem  |c Tursun Abdurachimovič Azlarov, Nikolaj Anatol'jevič Volodin 
264 1 |a Taškent  |b Fan  |c 1982 
300 |a 96 s. 
100 1 |a Azlarov, Tursun Abdurachimovič 
700 1 |a Volodin, Nikolaj Anatol'jevič